Find the Upside-Down US States Quiz Stats

 Plays Quiz Updated Apr 4, 2018

Score 0/50 Timer 04:00
1 Play Today
% Correct
sɐxǝ┴
92.9%
ɐᴉuɹoɟᴉlɐƆ
92.5%
ɐpᴉɹolℲ
92.4%
ɐʞsɐl∀
92.4%
ᴉᴉɐʍɐH
91.4%
uoʇƃuᴉɥsɐM
90.9%
ɐʇoʞɐp ɥʇɹoN
90.8%
ǝuᴉɐW
90.4%
ɐʇoʞɐp ɥʇnoS
90.2%
oɔᴉxǝW ʍǝN
89.8%
ɐuᴉloɹɐƆ ɥʇnoS
89.6%
ǝǝssǝuuǝ┴
89.4%
ʞɹo⅄ ʍǝN
89.1%
ɐuɐᴉsᴉno˥
88.7%
uoƃǝɹO
88.7%
ɐuɐʇuoW
88.6%
ɐpɐʌǝN
88.5%
ɐᴉuɐʌlʎsuuǝԀ
88.5%
ɐᴉƃɹoǝפ
88.4%
ɐuᴉloɹɐƆ ɥʇɹoN
88.3%
ɐɯoɥɐlʞO
87.9%
oɥɐpI
87.8%
ɐuozᴉɹ∀
87.7%
ɐᴉuᴉƃɹᴉΛ
87.4%
sᴉouᴉllI
87%
% Correct
ɥɐʇ∩
86.9%
uɐƃᴉɥɔᴉW
86.7%
ʎʞɔnʇuǝʞ
86.6%
ɐʇosǝuuᴉW
86.6%
ʎǝsɹǝſ ʍǝN
86.3%
opɐɹoloƆ
86.2%
ɐᴉuᴉƃɹᴉΛ ʇsǝM
86.2%
oᴉɥO
85.4%
ɐɯɐqɐl∀
85.4%
ᴉddᴉssᴉssᴉW
85.2%
sʇʇǝsnɥɔɐssɐW
85.1%
sɐsuɐʞ
85.1%
ɐuɐᴉpuI
84.8%
ƃuᴉɯoʎM
84.5%
sɐsuɐʞɹ∀
83.8%
ɐʍoI
83.8%
ʇnɔᴉʇɔǝuuoƆ
83.5%
ᴉɹnossᴉW
83.3%
uᴉsuoɔsᴉM
83.2%
puɐlsI ǝpoɥɹ
83.1%
ɐʞsɐɹqǝN
82.6%
ʇuoɯɹǝΛ
82.2%
puɐlʎɹɐW
82.1%
ǝɹᴉɥsdɯɐH ʍǝN
81.8%
ǝɹɐʍɐlǝp
77.8%

You're not logged in!

Compare scores with friends on all Sporcle quizzes.
Join for Free
OR
Log In

You Might Also Like...

Show Comments

Extras

Top Quizzes Today


Score Distribution

Your Account Isn't Verified!

In order to create a playlist on Sporcle, you need to verify the email address you used during registration. Go to your Sporcle Settings to finish the process.

Report this User

Report this user for behavior that violates our Community Guidelines.

Details: